Out of the OrdinARY! Quiz Stats

 Plays Quiz Updated Jul 21, 2018

Score 0/22 Timer 08:00
8 Plays Today
% Correct
Herbary
89.9%
Apothecary
88.5%
Centenary
87.4%
Granary
85.1%
Burglary
84.4%
Library
84%
Documentary
83.4%
Diary
81.5%
Itinerary
81.3%
Tributary
79.7%
Friary
77.2%
% Correct
Hymnary
77%
Primary
73.6%
Apiary
72.7%
Bestiary
72.7%
Caravansary
72.3%
Dromedary
69.5%
Aviary
63%
Commissary
59.6%
Capillary
59.4%
Commentary
50.9%
Vaccary
41.3%

You're not logged in!

Compare scores with friends on all Sporcle quizzes.
OR
Log In

Sporcle TV

Today on Sporcle TV


Watch our educational content, quiz creation guides, and fun videos on Sporcle TV.

Show Comments

Extras

Top Quizzes Today


Score Distribution

Your Account Isn't Verified!

In order to create a playlist on Sporcle, you need to verify the email address you used during registration. Go to your Sporcle Settings to finish the process.

Report this User

Report this user for behavior that violates our Community Guidelines.

Details: